000 00830cam a2200277 a 4500
005 20260322212030.0
008 data
010 _a 2010012471
020 _a9780525951551
040 _aDLC
_cDLC
_dDLC
050 0 0 _aPS3602.L863
_bS76 2010
082 0 0 _a813/.6
_222
099 _aBLUMJ
100 1 _aBlum, Jenna.
245 1 4 _aThe stormchasers :
_ba novel /
_cJenna Blum.
260 _aNew York :
_bDutton,
_cc2010.
300 _a373 p. ;
_c24 cm.
650 0 _aTwins
_vFiction.
650 0 _aBrothers and sisters
_vFiction.
650 0 _aManic-depressive illness
_vFiction.
650 0 _aStorm chasers
_zFiction.
906 _a7
_bcbc
_corignew
_d1
_eecip
_f20
_gy-gencatlg
925 0 _aacquire
_b2 shelf copies
_xpolicy default
955 _frg04 2010-09-08 (2 copies) to CALM
001 data
999 _c684
_d684